000 00740nam a2200289Ia 4500
005 20260324115834.0
008 008 260324s9999 xx 000 0 eng d
020 _a9781351228718
037 _aEBOOK
040 _aCRL
040 _beng
040 _cCRL
041 _2eng
041 _aeng
084 _qCRL
100 _aSalah Ahmed Mohamed Almoslehy
_91156207
245 0 _aDesign for Profitability
245 0 _bGuidelines to Cost Effectively Manage the Development Process of Complex Products
260 _bTaylor and Francis
260 _c2016
365 _a
365 _b240
856 _uhttp://www.taylorfrancis.com/books/9781351228718
942 _cEBOOK
999 _c1747381
_d1747381